Biomechanical effects of combat boots (notice n° 2037027)
[ vue normale ]
| 000 -LEADER | |
|---|---|
| fixed length control field | 02254cam a2200217 4500500 |
| 005 - DATE AND TIME OF LATEST TRANSACTION | |
| control field | 20260405000430.0 |
| 041 ## - LANGUAGE CODE | |
| Language code of text/sound track or separate title | fre |
| 042 ## - AUTHENTICATION CODE | |
| Authentication code | dc |
| 100 10 - MAIN ENTRY--PERSONAL NAME | |
| Personal name | Alessandri-Miliani, Vannina |
| Relator term | author |
| 245 00 - TITLE STATEMENT | |
| Title | Biomechanical effects of combat boots |
| 260 ## - PUBLICATION, DISTRIBUTION, ETC. | |
| Date of publication, distribution, etc. | 2026.<br/> |
| 500 ## - GENERAL NOTE | |
| General note | 96 |
| 520 ## - SUMMARY, ETC. | |
| Summary, etc. | Footwear is one of the most important influences on the biomechanics and kinematics of the lower limb. Military footwear, such as combat boots, is designed to protect the foot, attenuate shock when striking it, and control the foot’s lateral movement. However, such footwear has a number of design properties that can lead to biomechanical changes.The increased weight of footwear, often found in combat boots, has long been associated with increased energy expenditure and postural instability. This is the result of the extra load added to the soldier’s foot. These boots can also have a significant influence on gait patterns by restricting foot movements. This restriction can lead to increased stress at the ankle, knee, and hip, as well as reduced energy absorption during the stance phase. In addition, the stiffness of the sole in the forefoot region of combat boots plays an important role in the metatarsophalangeal joint and the ankle joint along the stance phase. Combat boots do not optimize the transmission of stress and can lead, in the long term, to a high risk of injuries and musculoskeletal disorders. On the other hand, combat boots can limit proprioception of the foot, thus influencing the soldier’s static and dynamic balance performance.The combat boot is a factor of great biomechanical importance, as it is intimately linked to the soldier’s foot. However, it should be borne in mind that combat boots must protect the soldier’s feet not only from environmental hazards, but also from biomechanical stress when walking or running. |
| 700 10 - ADDED ENTRY--PERSONAL NAME | |
| Personal name | Dib, M. |
| Relator term | author |
| 700 10 - ADDED ENTRY--PERSONAL NAME | |
| Personal name | Amamri, A. |
| Relator term | author |
| 700 10 - ADDED ENTRY--PERSONAL NAME | |
| Personal name | Medaouar, M. |
| Relator term | author |
| 700 10 - ADDED ENTRY--PERSONAL NAME | |
| Personal name | Cherid, H. |
| Relator term | author |
| 700 10 - ADDED ENTRY--PERSONAL NAME | |
| Personal name | Rachedi, M. |
| Relator term | author |
| 786 0# - DATA SOURCE ENTRY | |
| Note | Médecine et chirurgie du pied | 40 | 2 | 2026-02-18 | p. 25-30 | 0759-2280 |
| 856 41 - ELECTRONIC LOCATION AND ACCESS | |
| Uniform Resource Identifier | <a href="https://stm.cairn.info/journal-medecine-et-chirurgie-du-pied-2025-2-page-25?lang=en&redirect-ssocas=7080">https://stm.cairn.info/journal-medecine-et-chirurgie-du-pied-2025-2-page-25?lang=en&redirect-ssocas=7080</a> |
Pas d'exemplaire disponible.




Réseaux sociaux